000 00385nam a22001457a 4500
003 OSt
082 _a631.3
_bRAV/MO
088 _aT 608
100 _aRaveendranathan, Varun
_96189
245 _aA Mound strewing machine for Kaipad /
260 _aTavanur :
_bDepartment of Farm Machinery and Power Engineering,
_c2024.
300 _a99 p.
700 _aJayan P. R. (Guide)
942 _cBK
999 _c18082
_d18082